000 01686nam a2200397Ia 4500
001 ebr10696027
003 CaPaEBR
006 m u
007 cr cn|||||||||
008 121011s2013 mau sb 001 0beng d
010 _z 2012038709
020 _z9781555538071 (cloth : alk. paper)
020 _z9781555538088 (ebook)
040 _aCaPaEBR
_cCaPaEBR
035 _a(OCoLC)842909510
050 1 4 _aE840.8.M63
_bS36 2013eb
082 0 4 _a328.73/092
_aB
_223
100 1 _aSchneider, Mark R.
_q(Mark Robert),
_d1948-
245 1 0 _aJoe Moakley's journey
_h[electronic resource] :
_bfrom South Boston to El Salvador /
_cMark Robert Schneider.
260 _aBoston :
_bNortheastern University Press,
_cc2013.
300 _axvi, 293 p.
504 _aIncludes bibliographical references and index.
533 _aElectronic reproduction.
_bPalo Alto, Calif. :
_cebrary,
_d2013.
_nAvailable via World Wide Web.
_nAccess may be limited to ebrary affiliated libraries.
600 1 0 _aMoakley, John Joseph,
_d1927-2001.
610 1 0 _aUnited States.
_bCongress.
_bHouse
_vBiography.
650 0 _aLegislators
_zMassachusetts
_vBiography.
650 0 _aLegislators
_zUnited States
_vBiography.
651 0 _aBoston (Mass.)
_vBiography.
651 0 _aMassachusetts
_xPolitics and government
_y1951-
651 0 _aSouth Boston (Boston, Mass.)
_vBiography.
651 0 _aUnited States
_xPolitics and government
_y1945-1989.
651 0 _aUnited States
_xPolitics and government
_y1989-
655 7 _aElectronic books.
_2local
710 2 _aebrary, Inc.
856 4 0 _uhttp://site.ebrary.com/lib/rucke/Doc?id=10696027
_zAn electronic book accessible through the World Wide Web; click to view
999 _c9138
_d9138